=LDR 00000nam 2200000 4500 =001 INLIS000000000006225 =005 20251105025536 =035 ##$$a 0010-1125000099 =007 ta =008 251105###########################0#ind## =082 ##$$a 338.959 =084 ##$$a 338.959 BAD a =100 #$$a Badan Koordinasi Keluarga Berencana Nasional =245 1#$$a Aids And Indonesia's Economic Takeoff- An Update /$c Badan Koordinasi Keluarga Berencana Nasional =260 ##$:$b Badan Koordinasi Keluarga Berencana Nasional,$c 2000 =300 ##$$a 19 Hal : $b Ilus ; $c 21 =650 #4$$a Keluarga Berencana =856 ##$$a Perpustakaan Kemendukbangga